000 00495nam a2200181Ia 4500
005 20250326140423.0
008 250326s9999 xx 000 0 und d
037 _aTextbook
040 _aFMSL
_beng
_cFMSL
041 _aeng
_2eng
084 _aX65obS N9
_qFMSL
100 _aTvede L
_9742322
245 0 _aPsychology of Fice
_cTvede L
260 _aNew York
_bNew York, John Wiley & Sons, Ltd.
_c1999
300 _a296p
942 _cTB
_hX65obS N9
999 _c1285715
_d1285715